| 000 -LEADER |
| fixed length control field |
00932nam a22002057a 4500 |
| 001 - CONTROL NUMBER |
| control field |
20175 |
| 003 - CONTROL NUMBER IDENTIFIER |
| control field |
BD-DhUAP |
| 005 - DATE AND TIME OF LATEST TRANSACTION |
| control field |
20210128125400.0 |
| 008 - FIXED-LENGTH DATA ELEMENTS--GENERAL INFORMATION |
| fixed length control field |
200220s2017 bg |||| |||| 000 0 ben d |
| 020 ## - INTERNATIONAL STANDARD BOOK NUMBER |
| International Standard Book Number |
9789843430168 |
| 040 ## - CATALOGING SOURCE |
| Original cataloging agency |
BD-DhUAP |
| Language of cataloging |
Ben |
| Transcribing agency |
BD-DhUAP |
| Modifying agency |
BD-DhUAP |
| 082 ## - DEWEY DECIMAL CLASSIFICATION NUMBER |
| Edition number |
23 |
| Classification number |
954.9205 MAM |
| 100 ## - MAIN ENTRY--PERSONAL NAME |
| Personal name |
মামুন, মুনতাসীর। |
| 245 ## - TITLE STATEMENT |
| Title |
স্বাধীন বাংলাদেশের অভ্যুদয়ের ইতিহাস / |
| Statement of responsibility, etc. |
মুনতাসীর মামুন এবং মো. মাহবুবর রহমান। |
| 260 ## - PUBLICATION, DISTRIBUTION, ETC. |
| Place of publication, distribution, etc. |
ঢাকা : |
| Name of publisher, distributor, etc. |
বাংলাদেশ বিশ্ববিদ্যালয় মঞ্জুরী কমিশন, |
| Date of publication, distribution, etc. |
c২০১৭। |
| 300 ## - PHYSICAL DESCRIPTION |
| Extent |
১৯৮ পৃষ্ঠা ; |
| Dimensions |
২৪ সেমি.। |
| 650 ## - SUBJECT ADDED ENTRY--TOPICAL TERM |
| Topical term or geographic name entry element |
History |
| Chronological subdivision |
1971 |
| Geographic subdivision |
Bangladesh. |
| 700 ## - ADDED ENTRY--PERSONAL NAME |
| Personal name |
রহমান, মো. মাহবুবর। |
| 942 ## - ADDED ENTRY ELEMENTS (KOHA) |
| Source of classification or shelving scheme |
|
| Koha item type |
Book |